Lektury szkolne 4-6 po obrazku - Statystyki

Ogólne statystyki
  • Ten quiz został rozwiązany 66 razy
  • Średni wynik to 8 z 13
Statystyki odpowiedzi
Obrazkowy Hint Odpowiedź % Poprawnych
obowiązkowa Akademia Pana Kleksa
96%
obowiązkowa Opowieści z Narnii
80%
obowiązkowa Chłopcy z Placu Broni
75%
obowiązkowa Mikołajek
75%
uzupełniająca Alicja w Krainie Czarów
71%
obowiązkowa Pan Tadeusz
69%
obowiązkowa Biblia
67%
obowiązkowa Hobbit
67%
obowiązkowa Kajko i Kokosz
67%
obowiązkowa Mitologia Grecka
51%
uzupełniająca Magiczne Drzewo
27%
uzupełniająca Felix Net i Nika
22%
uzupełniająca Oskar i Pani Róża
18%
Nie znaleziono quizów pasujących do podanych kryteriów
Rozkład punktacji
Procent ludzi z każdym wynikiem
Percentyl według liczby udzielonych odpowiedzi
Twoja historia wyników
Nie rozwiązałeś tego quizu